1291 1841 1003 1833 1505 1007 1317 1201 1267 1947 1223 1201 1664 1230 1624 1119 1610 1042 1259 1423 1522 1333 1141 1673 1519 1224 1948 1235 1450 1921 1876 1989 2000 1100 1905 1022 1955 1265 1892 1505 1558 1153 1154 1117 1855 1678 1077 1216 1698 1335 1840 1029 1714 1891 1232 1015 1124 1296 1558 1884 1450 1142 1228 1604 1675 1528 1297 1308 1851 1617 1594 1874 1802 1997 1582 1772 1441 1561 1273 1595 1104 1462 1680 1413 1969 1614 1663 1280 1657 1825 1156 1272 1511 1266 1998 1732 1984 1503 1964 BCNSPRNW ULIB Ver.6.0+V

เปลี่ยนเป็นภาษาไทย

Change to English
 แสดงรายละเอียดบรรณานุกรม
  กลับหน้าหลัก

Brief Record : Get Marc (ISO 2709) : E-mail record : QR code < ปิดหน้าต่าง
LEADER : 00000nam 2200000uu 4500
001    13399110369
003     ULIB
008    110429s2550||||th 000 0 tha d
020    9789748380674(ล.35)
060 04 WO5^bป364ศ ล.35 2550
245 00 ศัลยศาสตร์วิวัฒน์ 35 :^bControversies and current concepts in surgery /^cบรรณาธิการ, ประยุทธ ศิริวงษ์, เพชร เกษตรสุวรรณ, ชาญชัย นิมิตรวานิช
246 30 Controversies in current concepts in surgery
250    พิมพ์ครั้งที่ 1
260    กรุงเทพฯ :^bโฆสิตการพิมพ์,^c[2550]
300    436 หน้า :^bภาพประกอบ ;^c22 ซม.
650  7 ศัลยศาสตร์
653    ผลงานอาจารย์คณะแพทยศาสตร์ศิริราชพยาบาล
700 0  ประยุทธ ศิริวงษ์,^eบรรณาธิการ
700 0  เพชร เกษตรสุวรรณ,^eบรรณาธิการ
700 0  ชาญชัย นิมิตรวานิช,^eบรรณาธิการ
995    ทศพร
999 ^a ใช้งานได้ทุกระบบ
รายการนี้ยังไม่มีแท็ก
คุณยังไม่ได้ล็อกอิน คุณสามารถมีกิจกรรมร่วมกับเว็บไซต์ได้ แต่ต้องล็อกอินก่อน ::
  ล็อกอิน

รายการสื่อสารสนเทศ

ลำดับที่ ประเภท เลขเรียก/บาร์โค้ด สถานที่ สถานะ
- ไม่พบข้อมูล -

รายการใกล้เคียง
    หัวเรื่อง [ศัลยศาสตร์]

BibComment


ยังไม่เคยถูกคอมเมนท์

คอมเมนท์ทรัพยากรรายการนี้
  คอมเมนท์: ศัลยศาสตร์วิวัฒน์..


 Copyright 2026. Bcnsprnw @Library